ਬੁਰਕੇ / (Record no. 110931)

MARC details
000 -LEADER
fixed length control field 01097nam a22002537a 4500
005 - DATE AND TIME OF LATEST TRANSACTION
control field 20170123164159.0
010 ## - LIBRARY OF CONGRESS CONTROL NUMBER
LC control number B-065357
020 ## - INTERNATIONAL STANDARD BOOK NUMBER
Terms of availability 115.00
035 ## - SYSTEM CONTROL NUMBER
System control number B-065357
037 ## - SOURCE OF ACQUISITION
Source of stock number/acquisition Cen Lib/Ret
040 ## - CATALOGING SOURCE
Original cataloging agency DPL
Language of cataloging PN
082 ## - DEWEY DECIMAL CLASSIFICATION NUMBER
Classification number 080
Item number ਕੁੱਕੜ
100 ## - MAIN ENTRY--PERSONAL NAME
Personal name ਕੁੱਕੜਪਿੰੜਿਆ, ਮੋਹਣ ਸਿੰਘ
9 (RLIN) 132338
245 ## - TITLE STATEMENT
Title ਬੁਰਕੇ /
Statement of responsibility, etc ਮੋਹਣ ਸਿੰਘ ਕੁੱਕੜਪਿੰੜਿਆ
246 ## - VARYING FORM OF TITLE
Title proper/short title Burkey /
Remainder of title by Mohan Singh Kukarpindia
260 ## - PUBLICATION, DISTRIBUTION, ETC. (IMPRINT)
Place of publication, distribution, etc ਦਿੱਲੀ
Name of publisher, distributor, etc ਨੈਸ਼ਨਲ ਬੁਕ ਸ਼ਾਪ
Date of publication, distribution, etc 2002
270 ## - ADDRESS
City ਦਿੱਲੀ
Address ਪਲੱਈਅਰ ਗਾਰਡਨ ਮਾਰਕਿਟ, ਚਾਂਦਨੀ ਚੌਕ
Postal code 110006
300 ## - PHYSICAL DESCRIPTION
Extent 102p ;
Dimensions 19cm(hb)
650 ## - SUBJECT ADDED ENTRY--TOPICAL TERM
Topical term or geographic name as entry element ਪੱਤਰਕਾਰੀ - ਭਾਰਤ ਨੂੰ - ਇਤਿਹਾਸ - 19 ਪੱਟੀ.
9 (RLIN) 140923
650 ## - SUBJECT ADDED ENTRY--TOPICAL TERM
Topical term or geographic name as entry element Hindi--journalism
9 (RLIN) 43511
650 ## - SUBJECT ADDED ENTRY--TOPICAL TERM
Topical term or geographic name as entry element Journalism -- India -- History -- 19th century.
9 (RLIN) 140924
650 ## - SUBJECT ADDED ENTRY--TOPICAL TERM
Topical term or geographic name as entry element ਪੰਜਾਬੀ -- ਪੱਤਰਕਾਰੀਤਾ
9 (RLIN) 140925
942 ## - ADDED ENTRY ELEMENTS (KOHA)
Source of classification or shelving scheme Dewey Decimal Classification
Koha item type Punjabi Bks
Classification part 080
Call number suffix ਕੁੱਕੜ
Holdings
Withdrawn status Lost status Damaged status Not for loan Home library Current library Date acquired Source of acquisition Cost, normal purchase price Total Checkouts Full call number Barcode Date last seen Date checked out Copy number Cost, replacement price Price effective from Koha item type Source of classification or shelving scheme
        Central Library Central Library 10/02/2016 Cen Lib/Ret 115.00 1 080 ਕੁੱਕੜ B-065357 16/06/2022 04/06/2022 1 115.00 10/02/2016 Punjabi Bks  
        Patel Nagar Patel Nagar 06/03/2019   115.00   080 ਕੁੱਕੜ B-065358 06/03/2019     115.00 06/03/2019 Punjabi Bks Dewey Decimal Classification

© Delhi Public Library
Hit Counter
free hit counter